00359 2200145 4500001002100000008004100021035002000062245002700082100001900109260003100128300002000159082001100179650001000190990001300200INLIS000000000000613 ind  a0010-0322000613 aKATAK YANG NAKALcIKHA aGIBRAN MAULANA aSURABAYAbCV CAHAYA AGENCY a24 hlm.c19 cm. a398.24 aFABEL a102824-1